00481nam a2200085Ia 4500008004100000245002200041300026200063650001600325856005400341170517s9999 xx 000 0 und d aWay Beyond Weight aAcross the globe, millions of children are struggling with being overweight. It's an epidemic that places the longevity of our future generations in peril. The feature-length documentary Way Beyond Weight examines the factors that have led to this health... xTechnology. uhttp://topdocumentaryfilms.com/way-beyond-weight/